Handbook on Responsible Leadership and Governance in Global Business. (Record no. 2373)
[ view plain ]
| 005 - DATE AND TIME OF LATEST TRANSACTION | |
|---|---|
| control field | 20250516092309.0 |
| 020 ## - INTERNATIONAL STANDARD BOOK NUMBER | |
| International Standard Book Number | 1-84542-949-4 |
| 082 ## - DEWEY DECIMAL CLASSIFICATION NUMBER | |
| Classification number | 658.408 HAN |
| 245 ## - TITLE STATEMENT | |
| Title | Handbook on Responsible Leadership and Governance in Global Business. |
| 260 ## - PUBLICATION, DISTRIBUTION, ETC. | |
| Place of publication, distribution, etc. | Cheltenham, |
| Name of publisher, distributor, etc. | Edward Elgal publishing Limited, |
| Date of publication, distribution, etc. | 2005. |
| 300 ## - PHYSICAL DESCRIPTION | |
| Extent | xii, 416p.: Ill.; figures |
| Other physical details | Index |
| Dimensions | 25cm. |
| 700 ## - ADDED ENTRY--PERSONAL NAME | |
| Other authors/Editors | DOH, P. J. |
| 942 ## - ADDED ENTRY ELEMENTS (KOHA) | |
| Source of classification or shelving scheme | Dewey Decimal Classification |
| Koha item type | Books |
| Date last seen | Total checkouts | Full call number | Barcode | Cost, replacement price | Price effective from | Koha item type | Lost status | Source of classification or shelving scheme | Damaged status | Not for loan | Withdrawn status | Home library | Current library | Shelving location | Date acquired | Cost, normal purchase price |
|---|---|---|---|---|---|---|---|---|---|---|---|---|---|---|---|---|
| 05/16/2025 | 658.408 HAN | 0000008963 | 386400.00 | 05/16/2025 | Books | Dewey Decimal Classification | College of Business Education Main Library | College of Business Education Main Library | General Collection | 08/07/2016 | 128800.00 | |||||
| 05/16/2025 | 658.408 HAN | 0000008964 | 386400.00 | 05/16/2025 | Books | Dewey Decimal Classification | College of Business Education Main Library | College of Business Education Main Library | General Collection | 08/07/2016 | 128800.00 | |||||
| 05/16/2025 | 658.408 HAN | 0000008965 | 386400.00 | 05/16/2025 | Books | Dewey Decimal Classification | College of Business Education Main Library | College of Business Education Main Library | General Collection | 08/07/2016 | 128800.00 |
